|
|
|
|
| LEADER |
00000cam a2200000 7i4500 |
| 001 |
0000065463 |
| 005 |
20160816.0 |
| 008 |
160816 |
| 020 |
|
|
|a 9679276805
|
| 020 |
|
|
|a 9789679276800
|
| 090 |
0 |
0 |
|a JAW
|
| 245 |
0 |
0 |
|a Belatuk yang sombong (1)
|
| 260 |
|
|
|a Kuala Lumpur :
|b Penerbitan Fargoes Sdn. Bhd ,
|c 1996
|
| 300 |
|
|
|a [s.n.] :
|b col., ill ;
|c 25.1cm.
|
| 490 |
1 |
|
|a Siri jati diri
|
| 500 |
|
|
|a Children ages 7-9 years old (orange)
|
| 650 |
|
0 |
|a Jawi
|
| 999 |
|
|
|a 0000442451
|b Book
|c Children Collection
|e Cawangan Pontian
|
| 999 |
|
|
|a 0000766462
|b Book
|c Children Collection
|e Cawangan Bandar Penawar
|
| 999 |
|
|
|a 0000775302
|b Book
|c Children Collection
|e Cawangan Pontian
|
| 999 |
|
|
|a 0000775303
|b Book
|c Children Collection
|e Cawangan Pontian
|
| 999 |
|
|
|a 0000775305
|b Book
|c Children Collection
|e Cawangan Pontian
|
| 999 |
|
|
|a 0000775306
|b Book
|c Children Collection
|e Cawangan Pontian
|
| 999 |
|
|
|a 0000788472
|b Book
|c Children Collection
|e Cawangan Segamat
|
| 999 |
|
|
|a 0000884197
|b Book
|c Children Collection
|e Cawangan Segamat
|
| 999 |
|
|
|a 0001215381
|b Book
|c Children Collection
|e Cawangan Segamat
|
| 999 |
|
|
|a 0001215382
|b Book
|c Children Collection
|e Cawangan Tmn. Ungku Tun Aminah
|
| 999 |
|
|
|a 0001215385
|b Book
|c Children Collection
|e Cawangan Taman Universiti
|
| 999 |
|
|
|a 0001215387
|b Book
|c Children Collection
|e Cawangan Bukit Gambir
|
| 999 |
|
|
|a 0001215388
|b Book
|c Children Collection
|e Cawangan Pontian
|
| 999 |
|
|
|a 000766465
|b Book
|c Children Collection
|e Cawangan Bandar Penawar
|